00361nam a2200109Ia 4500008004100000082001500041100002100056245003400077260005500111630001800166650006700184211122s9999||||xx |||||||||||||| ||und|| a398bNAR-F aNarayanan, Aju K 0aFolklore Paatangal Patanangal bSahitya Pravarthaka Co-Operative SocietyaKottayam xGeneral Stack aMalayalamvSOCIAL SCIENCECUSTOMS, ETIQUETTE & FOLKLOREFOLKLORE